Online
Catalog

Pigmeos : (Record no. 25348)

MARC details
000 -CABECERA
campo de control de longitud fija 01000nam a2200253 a 4500
001 - NÚMERO DE CONTROL
campo de control 000025856
005 - FECHA Y HORA DE LA ÚLTIMA TRANSACCIÓN
campo de control 20200930024113.0
008 - DATOS DE LONGITUD FIJA--INFORMACIÓN GENERAL
campo de control de longitud fija 110217s1968 sp r 000 | spa d
040 ## - FUENTE DE LA CATALOGACIÓN
Centro catalogador/agencia de origen DO-SdBNP
Lengua de catalogación spa
Centro/agencia transcriptor BNPHU
041 ## - CÓDIGO DE LENGUA
Código de lengua del texto/banda sonora o título independiente spa
Código de lengua original pap
Fuente del código Código de idioma MARC
082 ## - NÚMERO DE LA CLASIFICACIÓN DECIMAL DEWEY
Número de clasificación 960
Número de documento/Ítem J94p, 1968
049 ## - FONDOS LOCALES (OCLC)
Fondos de biblioteca BNGR
100 1# - ENTRADA PRINCIPAL--NOMBRE DE PERSONA
Nombre de persona Julien, Paul,
9 (RLIN) 52695
240 #0 - TÍTULO UNIFORME
Título uniforme Pygmeeën : vijentwintig jaar dwergen-onderzoek in equatoriaal Afrika.
Lenguaje de la obra Español
245 10 - MENCIÓN DE TÍTULO
Título Pigmeos :
Resto del título veinticinco años entre los pueblos de negrillos del africa ecuatorial /
Mención de responsabilidad, etc. Paul Julien; traducción Juan Godo Costa ; revisión, notas Augusto Panyella.
250 ## - MENCIÓN DE EDICIÓN
Mención de edición 2a ed.
260 ## - PUBLICACIÓN, DISTRIBUCIÓN, ETC.
Lugar de publicación, distribución, etc. Barcelona :
Nombre del editor, distribuidor, etc. Labor,
Fecha de publicación, distribución, etc. 1968.
300 ## - DESCRIPCIÓN FÍSICA
Extensión 334 p. :
Otras características físicas il. ;
Dimensiones 23 cm.
534 ## - NOTA SOBRE LA VERSIÓN ORIGINAL
Encabezamiento principal del original Título original :
Mención de título del original Pygmeeën : vijentwintig jaar dwergen-onderzoek in equatoriaal Afrika.
651 #4 - PUNTO DE ACCESO ADICIONAL DE MATERIA--NOMBRE GEOGRÁFICO
Nombre geográfico Africa
Subdivisión general Historia
9 (RLIN) 4616
650 #4 - PUNTO DE ACCESO ADICIONAL DE MATERIA--TÉRMINO DE MATERIA
Término de materia o nombre geográfico como elemento de entrada Pigmeos
9 (RLIN) 52696
650 #4 - PUNTO DE ACCESO ADICIONAL DE MATERIA--TÉRMINO DE MATERIA
Término de materia o nombre geográfico como elemento de entrada Ciudades y pueblos
Subdivisión general Historia
Subdivisión geográfica Africa
9 (RLIN) 52697
700 1# - PUNTO DE ACCESO ADICIONAL--NOMBRE DE PERSONA
Nombre de persona Godo Costa, Juan,
Término indicativo de función/relación tr.
9 (RLIN) 51396
Holdings
Estado de retiro Estado de pérdida Restricciones de uso No para préstamo Código de colección Localización permanente Ubicación/localización actual Ubicación en estantería Fecha de adquisición Número de inventario Total de préstamos Signatura topográfica completa Código de barras Fecha visto por última vez Precio válido a partir de Tipo de ítem Koha
      Excluido de préstamo Monografías: Libros y Folletos General General En catalogación 23.02.2011 LF1   960 J94p, 1968 25856-10 25.06.2020 25.06.2020 No se presta

Powered by Koha